000 00333 a2200157 4500
001 71443
020 _a8585642300
040 _cAnchieta - Colégio São Paulo
100 _aRachlin, Ann
240 1 0 _aBrahms
_lpor
245 1 0 _aBrahms
300 _a[20p.]
362 0 _a1993
650 4 _aLiteratura infanto-juvenil
942 _cBK
999 _c71443
_d71443